| 000 | 00940nam a2200241 a 4500 | ||
|---|---|---|---|
| 001 | 22477 | ||
| 003 | CO-ViMGA | ||
| 008 | 141112s2004 ck r 000 u spa d | ||
| 040 |
_aCO-ViMGA _bspa _cCO-ViMGA |
||
| 082 | 0 | 4 | _a657 B171a |
| 100 | 1 |
_aBarraza Caro, Frank Eduardo _931880 |
|
| 245 | 1 | 0 | _aAproximación a un concepto de contabilidad ambiental |
| 260 |
_aBogotá : _bUniversidad Cooperativa de Colombia, _c2005 |
||
| 300 | _a188 | ||
| 490 | _aLibros de texto | ||
| 505 | _aNotas acerca de la formación de conceptos 17 - - Notas sobre la contabilidad ambiental 25 - - Conceptos fundamentales en relación en el medio ambiente 41 - 66 | ||
| 590 | _aForma de adquisición : Donación - - Precio : 13000 - - Fecha de adquisición : 2008 | ||
| 650 | 1 | 4 |
_aAUDITORIA AMBIENTAL _98822 |
| 650 | 1 | 4 |
_aCONTABILIDAD AMBIENTAL _931881 |
| 650 | 1 | 4 |
_aPolítica AMBIENTAL _95768 |
| 650 | 1 | 4 | _aPROTECCIóN DEL MEDIO AMBIENTE |
| 942 |
_2ddc _cBK |
||
| 999 |
_c30783 _d30783 |
||